000
00229nam a22000857a 4500
008
160708b xxu||||| |||| 00| 0 eng d
100
_9
2463
_a
Oxford University
245
_a
Exercises in Spoken English
260
_a
Delhi
_b
Oxford
_c
1978
999
_c
2133
_d
2133